000 00650nam a22001937a 4500
999 _c175934
_d175934
005 20201013123309.0
010 _aUR-10885
020 _c200.00
_a9789389733730
035 _aU-9440
037 _bDBAD/PUB
082 _aک
100 _aا نو ر آ فا قی
245 _aنئ ر ا ہ - نئ ر و شنی
_cا نو ر آ فا قی
246 _bNai Rah-Nai Roshni ( Afsaney) (Urdu)
_aby Anwar Afaqi
260 _aN.Delhi
_bEducational Publishing House
_c2020 ء
270 _aH.O.D1/16,Ansari Road,Darya ganj,
_bN.Delhi
_e110002
_k45678285,23216162
_l0091-11-23211540
300 _a112 ص
_c22 Cm(Hb)
942 _2ddc
_cUR
_hک
_mا ن و